000 01781nam0a22003731 4500
001 v19\rc\1898605
005 20251118180440.8
035 _a(NLR Aleph) 004984377
090 _a6218930
_c6218930
100 _a20080221d1911 |||y0rusy50 ca
101 1 _arus
_cger
102 _aRU
105 _aag z |||||
200 1 _a"Учение Деппе", как основа современной игры на фортепиано и технические советы пианистам
_fЕлизавета Каланд
_gПер. с 3-го нем. изд. и предисл. Л. Сушковой
210 _aРига
_cХудож. граф. заведение А. Гроссет, п/ф Ф. Дейтш
_d1911
215 _a[18], 50, [4], 26 с., 2 л. ил.
_cил., нот.
_d23
327 0 _aС. 1-26: Технические советы пианистам Елизаветы Каланд
464 0 _12001#$aТехнические советы пианистам Елизаветы Каланд
_1215##$aС. 1-26
517 0 _aТехнические советы пианистам
532 1 3 _aУчение Деппе, как основа современной игры на фортепиано и технические советы пианистам
700 1 _aКаланд
_bЕ.
_f1862-
_gЕлизавета
702 1 _aСушкова
_bЛ. А.
_4730
_4080
702 1 _aДеппе
_4570
801 0 _aRU
_bNLR
_gpsbo
801 0 _aRU
_bRuMoRGB
_2psbo
801 1 _aRU
_bProSoft-M
_2rusmarc
852 _aNLR
_j133/1134
852 _aNLR
_bМф
_jК1/13142
899 _aRuMoRGB
_jU 49/141
_y(без прил.)
899 _aRuMoRGB
_jJ 93/251
_y(без прил.)
899 _aRuMoRGB
_jU 346/28
_y(без прил.)
899 _aБАН
942 _cBOOK
980 _aNB